Dr. Stone Personnages par Images - Statistiques

Statistiques générales
  • Ce quiz a été pris 255 fois
    45 depuis la dernière actualisation
  • Le résultat moyen est 29 sur 87
Statistiques - réponses
Par images Réponse % Correct
Senku Ishigami
100%
Suika
100%
Chrome
97%
Gen Asagiri
92%
Kohaku
92%
Magma
89%
Taiju Oki
89%
Francois
83%
Kinro
83%
Ginro
81%
Yuzuriha Ogawa
81%
Tsukasa Shishio
78%
Ruri
72%
Hyoga
69%
Kaseki
69%
Ukyo Saionji
67%
Yo Uei
67%
Ryusui Nanami
64%
Xeno Houston Wingfield
64%
Stanley Snyder
61%
Byakuya Ishigami
58%
Luna Wright
58%
Soyouz
58%
Sai Nanami
53%
Chelsea Childe
50%
Amaryllis
47%
Ibara
47%
Kirisame
47%
Nikki Hanada
47%
Homura Momiji
44%
Lillian Weinberg
42%
Mantle
39%
Matsukaze
39%
Mozu
39%
Turquoise
39%
Jasper
33%
Mirai Shishio
31%
Carlos Barrios
28%
Brody Dudley
25%
Joel Gear
25%
Minami Hokutozai
25%
Kokuyo
19%
Max Adams
19%
Maya Biggs
19%
Sagara
19%
Chalk
17%
Connie Lee
17%
Dia
17%
Grand Patron
17%
Ruby
17%
Shamil Volkov
17%
Charlotte Bony
11%
Garnet
11%
Leonard Maxwell
11%
Oarashi
11%
Sapphire
11%
Sho
11%
Yakov Nikitin
11%
Akashi
8%
Darya Nikitina
8%
En
8%
Shovel
8%
Alabaster
6%
Argo
6%
Azura
6%
Ganen
6%
Genbu
6%
Gozan
6%
Kujaku
6%
Morito
6%
Natri
6%
Sagan
6%
Shirogane
6%
Tetsuya Kinomoto
6%
Unmo
6%
Yuki
6%
Alumi
3%
Beryl
3%
Carbo
3%
Hagane
3%
Kyoichiro
3%
Namari
3%
Ren
3%
Sango
3%
Suzu
3%
Tetsuken
3%
Titan
3%
Aucun quiz correspondant
Distribution des résultats
% des personnes avec chaque résultat
Percentile par nombre de réponses
Votre historique - résultats
Vous n’avez pas pris ce quiz depuis la dernière actualisation